Внутризонная высокоэнергетическая люминесценция электронов и дырок в ионных кристаллах (эксперимент и расчет); Тезисы докладов 6 Всесоюзной конференции по физике диэлектриков (Томск, 23-25 ноября, 1988)

Bibliografiske detaljer
Parent link:Тезисы докладов 6 Всесоюзной конференции по физике диэлектриков (Томск, 23-25 ноября, 1988).— 1988.— С. 18-19
Hovedforfatter: Вайсбурд Д. И.
Andre forfattere: Семин Б. Н., Шумский О. М.
Sprog:russisk
Udgivet: 1988
Fag:
Format: MixedMaterials Book Chapter
KOHA link:https://koha.lib.tpu.ru/cgi-bin/koha/opac-detail.pl?biblionumber=594967

MARC

LEADER 00000naa0a2200000 4500
001 594967
005 20250220133756.0
035 |a (RuTPU)RU\TPU\tpu\12329 
035 |a RU\TPU\tpu\12328 
090 |a 594967 
100 |a 20050610d1988 k y0rusy50 ca 
101 0 |a rus 
102 |a RU 
200 1 |a Внутризонная высокоэнергетическая люминесценция электронов и дырок в ионных кристаллах (эксперимент и расчет)  |f Д. И. Вайсбурд, Б. Н. Семин, О. М. Шумский 
463 |t Тезисы докладов 6 Всесоюзной конференции по физике диэлектриков (Томск, 23-25 ноября, 1988)  |v С. 18-19  |d 1988 
610 1 |a физика 
610 1 |a диэлектрики 
610 1 |a люминесценция 
610 1 |a электроны 
610 1 |a дырки 
610 1 |a ионные кристаллы 
610 1 |a эксперимент 
610 1 |a расчет 
610 1 |a труды учёных ТПУ 
700 1 |a Вайсбурд  |b Д. И. 
701 1 |a Семин  |b Б. Н. 
701 1 |a Шумский  |b О. М. 
801 1 |a RU  |b 63413507  |c 20050610  |g PSBO 
801 2 |a RU  |b 63413507  |c 20100427  |g PSBO 
942 |c BK